000
00292nam a2200109Ia 4500
001
1261681
005
20260417140356.0
008
260417s9999 xx 000 0 und d
020
_a
9786255929716
245
0
_a
Vadinin Perileri & Kırık Kanatlar
_c
Halil Cibran
260
_b
Ketebe Yayınları
999
_c
1261681
_d
1261681